Music Quiz

Random Music or Billboard Quiz

7+ Year-End Billboard Charts Quiz Stats

 Plays Quiz Updated Dec 11, 2018

Score 0/89 Timer 10:00
0 Plays Today
# Artist % Correct
8The Beatles
90.6%
13Michael Jackson
86.9%
13Janet Jackson
83.2%
18Madonna
80.5%
13Elvis Presley
75.2%
11The Rolling Stones
74.7%
18Elton John
67.1%
10Beyoncé
65.7%
18Mariah Carey
56.9%
8Britney Spears
54.9%
10Whitney Houston
50.4%
13Rihanna
48.3%
14Paul McCartney & Wings
45%
9Justin Timberlake
44.8%
8Katy Perry
44.1%
10Eminem
43.6%
10Jay-Z
43.2%
12Taylor Swift
42.7%
7George Michael
41.6%
7Billy Joel
40.2%
17Stevie Wonder
37.6%
9Aerosmith
37.5%
12P!nk
37.3%
8The Beach Boys
37.2%
12Prince
37.1%
9Diana Ross
35.5%
11Cher
35.4%
9Aretha Franklin
34.8%
9Kanye West
34.7%
9Celine Dion
34.1%
# Artist % Correct
7Bee Gees
33.5%
10Chris Brown
32.8%
7The Supremes
31.8%
7Queen
31%
12Usher
29.5%
9Bon Jovi
28.6%
9The Temptations
26.5%
8Phil Collins
26.4%
7Bruno Mars
25.9%
10Marvin Gaye
24%
8Barbra Streisand
22.6%
11Maroon 5
22.5%
9Eric Clapton
22.3%
7Black Eyed Peas
21.4%
13Rod Stewart
21.2%
10Drake
20.9%
13Chicago
20.2%
8Coldplay
20.2%
7Ray Charles
20%
7Jennifer Lopez
19.3%
10Neil Diamond
18.5%
7Snoop Dogg
18.2%
7Donna Summer
17.5%
7Puff Daddy
16.7%
9Daryl Hall and John Oates
16.5%
8Andy Williams
15.7%
9Ricky Nelson
15.2%
9Kenny Rogers
15.2%
8Boyz II Men
14.6%
11Kelly Clarkson
14.2%
# Artist % Correct
8Bryan Adams
14%
7Santana
13.3%
9Nelly
13.2%
7Barry Manilow
12.7%
9Alicia Keys
11.5%
9Olivia Newton-John
11.5%
7Foreigner
11.3%
8Commodores
10.3%
7Styx
10.3%
11Dionne Warwick
10.3%
7Flo Rida
10.2%
9Paul Anka
9.7%
8R. Kelly
9.5%
8Selena Gomez
9.5%
8John Cougar Mellencamp
8.5%
7Linkin Park
7.3%
8Enrique Iglesias
7.2%
9Tim McGraw
7.1%
9Kenny Chesney
6.4%
8Gloria Estefan and Miami Sound Machine
6.2%
8Ludacris
5.8%
7Mary J. Blige
5.6%
7Ne-Yo
5.5%
7Toby Keith
5.1%
7Kool and The Gang
4.9%
7Bobby Darin
4.7%
7Monica
3.8%
7Jason DeRulo
3.6%
7Aaliyah
3.4%

You're not logged in!

Compare scores with friends on all Sporcle quizzes.
OR
Log In

Show Comments

Extras

Top Quizzes Today


Score Distribution

Your Account Isn't Verified!

In order to create a playlist on Sporcle, you need to verify the email address you used during registration. Go to your Sporcle Settings to finish the process.

Report this User

Report this user for behavior that violates our Community Guidelines.

Details: